000 01153nam a22002535i 4500
001 160611
003 ES-MaACL
005 20260316165933.0
008 040929q18871890fr ac |||| | fre d
040 _aCAM
_bspa
_cCAM
100 1 _aNekrasov, Nikolaï Alekseevitch.
_9130437
245 1 0 _aPoésies populaires /
_cN. Nekrassov ; traduites par E. Halpérine-Kaminsky et Ch. Morice . Et précédées d'une étude sur Nekrassov par le V\pte\s E.M. de Vogüé ; portrait gravé par Maurice Baud.
260 _aParis :
_bPerrin et C., libraires-éditeurs,
_c[s.a.] (
_eChâteauroux :
_fTyp. et stéréotyp. A. Majesté)
300 _a262 p., [1] h. lám. ;
_c19 cm.
596 _aPerrin y Majesté ejercen ca. 1887-1890.
596 _aEn la cub. consta el imp.: E. Capiomont et C.
599 _aLa h. de lám. retrato del autor.
700 1 1 _aGal'perin-Kaminskij, Il'â Danilovic,
_d1858-1936
_etrad.
_9127773
700 1 1 _aMorice, Ch.,
_etrad.
_9130205
700 1 1 _aVogüé, Eugène-Melchior,
_cVicomte de
_epr.
_9115669
700 1 1 _aBaud, Maurice,
_eil.
_9125858
852 _aES-MaACL
_jF-10738
_z-- Rúst.
999 _c160611
_d160611